Personajes de ficción por imagen - G - Estadísticas

Estadísticas generales
  • Esta prueba ha sido intentada 6.079 veces
  • La puntuación promedio es 15 de 20
Estadísticas de respuestas
Imagen Respuesta % Correcto
Garfield
98%
Gru
98%
El Grinch
96%
Gato con Botas
95%
Goofy
91%
Gruñón
86%
Gargamel
85%
Gumball
82%
Godzilla
81%
Gepetto
79%
Groot
78%
Gus Fring
78%
Gollum
71%
Gandalf
68%
Gastón
62%
Gatúbela
62%
Gamora
58%
Ginny Weasley
54%
Gretel
48%
Gaturro
30%
No se encontraron pruebas coincidentes
Distribución de puntuación
Porcentaje de gente con cada puntuación
Porcentaje por número respondido
Historial de tus puntuaciones
No has intentado esta prueba.